| 000 | 00319nam a22001097a 4500 | ||
|---|---|---|---|
| 008 | 160713b xxu||||| |||| 00| 0 eng d | ||
| 100 |
_92779 _aTeachers Guide for Surprises |
||
| 245 | _aTeachers Guide for Surprises | ||
| 260 |
_aBoston _b Houghton Mifflin _c1979 |
||
| 300 | _aTeachers Guide for Surprises | ||
| 942 |
_2ddc _cBK |
||
| 999 |
_c2400 _d2400 |
||